Básně Vítězslava Hálka : [výbor] /

Hlavní autor: Hálek, Vítězslav, 1835-1874
Další autoři: Frinta, Emanuel, 1896-1970, Seifert, Jaroslav, 1901-1986, Jirát, Vojtěch, 1902-1945
Jazyk: Čeština
Vydáno: V Praze : Družstevní práce, 1940
Edice: Nesmrtelní (Družstevní práce)
Témata:
Externí odkaz: Digitalizovaný dokument
Fyzický popis: 240 s. : il. ; 8°
Knihy
Uloženo v:
LEADER 01757nam a22004212a 4500
001 000115717
003 CZ BrMZK
005 20151209103106.0
007 ta
008 950101s1940 xr a f cze d
015 |a cnb000806385 
020 |q (Váz.) 
035 |a (OCoLC)85636807 
040 |a ABA001  |b cze  |c LIA001  |d ABA001  |d BOA001 
072 7 |a 821.162.3-1  |x Česká poezie  |2 Konspekt  |9 25 
080 |a 821.162.3-1  |2 MRF 
080 |a (0:82-1)  |2 MRF 
080 |a (082.21)  |2 MRF 
100 1 |a Hálek, Vítězslav,  |d 1835-1874  |7 jk01033219  |4 aut 
245 1 0 |a Básně Vítězslava Hálka :  |b [výbor] /  |c uspořádal [a text upravil] Jaroslav Seifert ; studii o Hálkově životě a díle napsal Vojtěch Jirát ; s kresbami Em. Frinty 
260 |a V Praze :  |b Družstevní práce,  |c 1940 
300 |a 240 s. :  |b il. ;  |c 8° 
490 1 |a Nesmrtelní ;  |v 27 
500 |a S fotografickým portrétem básníkovým a se snímkem jeho rukopisu 
500 |a Graficky upravil Vojtěch Hanč 
500 |a 5600 výt., z toho 100 čísl. na ručním papíře 
500 |a Dostupné též v digitální podobě v aplikaci Kramerius 
655 7 |a česká poezie  |7 fd133958  |2 czenas 
655 7 |a výbory  |7 fd133853  |2 czenas 
700 1 |a Frinta, Emanuel,  |d 1896-1970  |7 jk01031980  |4 art 
700 1 |a Seifert, Jaroslav,  |d 1901-1986  |7 jk01110657  |4 oth 
700 1 |a Jirát, Vojtěch,  |d 1902-1945  |7 jk01051858  |4 oth 
830 0 |a Nesmrtelní (Družstevní práce)  |0 s 
856 4 1 |u http://www.digitalniknihovna.cz/mzk/uuid/uuid:c13dbfb0-7e49-11e5-a715-005056827e52  |y Digitalizovaný dokument  |x NDK 
910 |a BOA001  |b 2-0308.292 
990 |a BK 
991 |b 201504 
996 6 |b 2619805325  |c 2-0308.292  |l MZK  |r Sklad / do 24 hodin  |n 10  |w 000115717  |u 000010  |a 1  |e BOA001  |j MZK50  |s P